An answer to anger and frustration / (Record no. 17681)

000 -LEADER
fixed length control field 00962cam a2200289 i 4500
001 - CONTROL NUMBER
control field 2235565
003 - CONTROL NUMBER IDENTIFIER
control field OkBaRHE
005 - DATE AND TIME OF LATEST TRANSACTION
control field 19950307090806.4
008 - FIXED-LENGTH DATA ELEMENTS--GENERAL INFORMATION
fixed length control field 770603s1977 cau b 000 0 eng
010 ## - LIBRARY OF CONGRESS CONTROL NUMBER
LC control number 76051531
020 ## - INTERNATIONAL STANDARD BOOK NUMBER
International Standard Book Number 0890810303 :
Terms of availability $0.95
040 ## - CATALOGING SOURCE
Original cataloging agency DLC
Transcribing agency DLC
Modifying agency DLC
050 00 - LIBRARY OF CONGRESS CALL NUMBER
Classification number BF 575 .A5 W76
082 00 - DEWEY DECIMAL CLASSIFICATION NUMBER
Classification number 131/.33
100 1# - MAIN ENTRY--PERSONAL NAME
Personal name Wright, H. Norman.
9 (RLIN) 539
245 13 - TITLE STATEMENT
Title An answer to anger and frustration /
Statement of responsibility, etc by Norman Wright.
260 ## - PUBLICATION, DISTRIBUTION, ETC. (IMPRINT)
Place of publication, distribution, etc Irvine, Calif. :
Name of publisher, distributor, etc Harvest House Publishers,
Date of publication, distribution, etc c1977.
300 ## - PHYSICAL DESCRIPTION
Extent 62 p. (p. 59-62 blank for notes) ;
Dimensions 18 cm.
440 #4 - SERIES STATEMENT/ADDED ENTRY--TITLE
Title The Answer series
9 (RLIN) 644
504 ## - BIBLIOGRAPHY, ETC. NOTE
Bibliography, etc Includes bibliographical references.
650 #0 - SUBJECT ADDED ENTRY--TOPICAL TERM
Topical term or geographic name as entry element Anger.
9 (RLIN) 653
650 #0 - SUBJECT ADDED ENTRY--TOPICAL TERM
Topical term or geographic name as entry element Frustration.
9 (RLIN) 654
650 #0 - SUBJECT ADDED ENTRY--TOPICAL TERM
Topical term or geographic name as entry element Christian life.
9 (RLIN) 43
906 ## - LOCAL DATA ELEMENT F, LDF (RLIN)
a 7
b cbc
c orignew
d 2
e ocip
f 19
g y-gencatlg
942 ## - ADDED ENTRY ELEMENTS (KOHA)
Source of classification or shelving scheme
Koha item type Books
Copies
Barcode Not for loan Damaged status Lost status Current Location Shelving location Source of classification or shelving scheme Price effective from Koha item type Date last seen Withdrawn status Permanent Location Full call number Copy number
20098   RHEMA Bible Training CollegeGeneral Stacks 2011-02-15Books2018-01-09 RHEMA Bible Training CollegeBF 575 .A5 W761